000 00357nam a22001457a 4500
008 240207b ||||| |||| 00| 0 eng d
020 _a9780803623347
041 _aeng
080 _22011
_a37
082 _a37COL
100 _a23
101 _aEDUKIMI
245 _aASSESSMENT OF THE SCHOOL AGE CHILD AND ADOLESCENT
_cMARGARET R.COLYAR
942 _2udc
_cBK
999 _c60589
_d60589